|
|
|
|
| LEADER |
00878cam a2200253 7i4500 |
| 001 |
0000060665 |
| 005 |
20210805090000.0 |
| 020 |
|
|
|a 9780323511452 (electronic book)
|
| 090 |
0 |
0 |
|a RJ45
|b .N45 2019
|
| 245 |
0 |
0 |
|a Nelson essentials of pediatrics
|c [edited by] Karen J. Marcdante, Robert M. Kliegman.
|
| 250 |
|
|
|a Eighth edition.
|
| 264 |
|
|
|a Philadelphia, PA:
|b Elsevier,
|c 2019.
|
| 300 |
|
|
|a 1 online resource (818 pages):
|b illustrations, text file, PDF.
|
| 336 |
|
|
|a text
|2 rdacontent
|
| 337 |
|
|
|a computer
|2 rdamedia
|
| 338 |
|
|
|a online resource
|2 rdacarrier
|
| 650 |
|
0 |
|a Pediatrics
|
| 655 |
|
0 |
|a Electronic books
|
| 700 |
1 |
|
|a Marcdante, Karen J.
|
| 700 |
1 |
|
|a Kliegman, Robert M.
|
| 856 |
4 |
2 |
|u http://library.unisel.edu.my/web/guest/mylibrary
|
| 997 |
|
|
|a Health Sciences, Faculty
|
| 998 |
|
|
|a Nursing, Diploma
|
| 999 |
|
|
|a EBO0006201
|b EBOOK
|c EBOOK
|e Electronic resources
|